| 000 | 00653nam a2200229 a 4500 | ||
|---|---|---|---|
| 001 | 53921 | ||
| 003 | BD-RjUL | ||
| 005 | 20211209080037.0 | ||
| 008 | 161029s1998 enk||||| |||| 00| 0 eng d | ||
| 020 | _a0566079210 | ||
| 035 | _a(BD-RjUL)54043 | ||
| 040 |
_aBD-RjUL _beng _cBD-RjUL _dBD-RjUL |
||
| 041 | _aeng | ||
| 082 |
_223 _a346.0741 _bBOC 1998 |
||
| 100 |
_aBoundy, Charles _9161042 |
||
| 245 | 1 | 2 |
_aA concise business guide to contract law / _cCharles Boundy |
| 260 |
_aEngland : _bGower, _c1998. |
||
| 300 |
_axiii, 284 p. : _bill. ; _c23 cm. |
||
| 500 | _aIncludes Index | ||
| 650 |
_aCommercial law _zGreat Britain. _9161043 |
||
| 942 |
_2ddc _cBK |
||
| 999 |
_c53921 _d53921 |
||